Desde mi cielo / (Registro nro. 9868)

Detalles MARC
000 -LIDER
fixed length control field 00787nam a2200301 b 4500
001 - NÚMERO DE CONTROL
Identificador de número de control 01861315
003 - IDENTIFICACDOR DE NÚMERO DE CONTROL
control field DO-SdBNP
005 - DATE AND TIME OF LATEST TRANSACTION
control field 20180122100412.0
007 - CAMPOS FIJOS DE DESCRIPCIÓN FÍSICA
fixed length control field 01861315
008 - ELEMENTOS DE LONGITUD FIJA
fixed length control field 030620s2003 sp | ||| ||spa
016 7# - NO. DE CONTROL DE LA AGENCIA BIB. NACIONAL
Record control number
Source BPMSU
017 ## - NÚMERO DE REGISTRO DE DERECHOS DE AUTOR
Copyright or legal deposit number
Assigning agency
020 ## - ISBN
International Standard Book Number 843970979X
035 ## - NÚMERO LOCAL
System control number
040 ## - FUENTE DE CATALOGACIÓN
Agencia que crea de manera original el registro BPMSU
Idioma de catalogación spa
Agencia que realiza la transcripción BPMSU
Convenciones de la despripción
041 1# - CÓDIGOS DE OBRAS TRADUCIDAS O EN VARIOS IDIOMAS
Código del idioma del texto/archivo de sonido o separata spa
Cód. del idioma original y/o traducciones intermedias del texto
080 #0 - NÚMERO DE CLASIFICACIÓN DECIMAL UNIVERSAL
Universal Decimal Classification number
100 1# - ASIENTO PRINCIPAL -- NOMBRE PERSONAL
Nombre personal Sebold, Alice
Fechas asociadas con el nombre 1962-
240 14 - TITULO UNIFORME
Título uniforme The lovely bones
Idioma de una obra español
245 10 - MENCIÓN DE TITULO
Título Desde mi cielo /
Mención de responsabilidad Alice Sebold ; traducción de Aurora Echevarría
Medio (Designación general de material)
250 ## - MENCIÓN DE EDICION
Mención de edición
260 ## - PUBLICACIÓN, DISTRIBUCIÓN, ETC. (PIE DE IMPRENTA)
Lugar de publicación, distribución, etc [Barcelona]
Nombre del editor, distribuidor, etc. Mondadori
Fecha de publicación, distribución, etc 2003
300 ## - DESCRIPCIÓN FÍSICA
Extensión 329 p. ;
Dimensiones 21 cm
700 ## - ASIENTO SECUNDARIO -- NOMBRE PERSONAL
Término de relación Echevarría, Aurora
Mención de responsabilidad tr.
942 ## - ADDED ENTRY ELEMENTS (KOHA)
Source of classification or shelving scheme Dewey Decimal Classification
Koha item type Libros
945 ## - INFORMACIÓN DE PROCESAMIENTO LOCAL
Información de procesamiento local inventariado, 2018 / dg
956 ## - LOCAL ELECTRONIC LOCATION AND ACCESS (OCLC)
Nombre de host VMATEO
Método de acceso 10
Materiales especificados 20160420
Enlace BPMSU
Campo enlazado y núm. de secuencia 0069
Existencias
Withdrawn status Lost status Source of classification or shelving scheme Damaged status Not for loan Home library Current library Shelving location Date acquired Source of acquisition Total Checkouts Barcode Date last seen Price effective from Koha item type
    Dewey Decimal Classification     Biblioteca Pública Metropolitana Salomé Ureña Biblioteca Pública Metropolitana Salomé Ureña Carro de libros 04/20/2016 FUNDI   BPMSU16040596 04/20/2016 04/20/2016 Libros